[Event "CUB-ch U18"]
[Site "Matanzas"]
[Date "1998.??.??"]
[EventDate "?"]
[Round "4"]
[Result "0-1"]
[White "Renier Vazquez Igarza"]
[Black "Leinier Dominguez Perez"]
[WhiteElo "2405"]
[BlackElo "2215"]
[PlyCount "40"]

1.e4 c5 2.Nf3 e6 3.d4 cxd4 4.Nxd4 Nf6 5.Nc3 d6 6.g4 Nc6 7.g5
Nd7 8.Be3 a6 9.h4 Qc7 10.Bd3 b5 11.a3 Bb7 12.h5 Nc5 13.Qe2 b4
14.axb4 Nxb4 15.O-O d5 16.exd5 Ncxd3 17.dxe6 Bd6 18.f4 Nxb2
19.Ncb5 axb5 20.Qxb5+ Kf8 0-1

[Event "Capablanca mem Premier II 34th"]
[Site "Havana"]
[Date "1999.??.??"]
[EventDate "?"]
[Round "1"]
[Result "1/2-1/2"]
[White "Renier Gonzalez"]
[Black "Leinier Dominguez Perez"]
[WhiteElo "2514"]
[BlackElo "2719"]
[PlyCount "90"]

1.e4 c5 2.Nf3 d6 3.Nc3 Nf6 4.e5 dxe5 5.Nxe5 a6 6.a4 Qc7 7.Nc4
Nc6 8.b3 g6 9.Bb2 Be6 10.Bd3 Bg7 11.Ne3 O-O 12.O-O Nd4 13.Bc4
Bd7 14.Re1 e6 15.Bf1 Bc6 16.Qc1 Nd5 17.Nexd5 exd5 18.Ne2 Nxe2+
19.Rxe2 d4 20.d3 Rae8 21.Rxe8 Rxe8 22.Qd2 Qe5 23.Rd1 h6 24.Bc1
b6 25.f4 Qd5 26.Re1 Rxe1 27.Qxe1 Bf6 28.Qf2 b5 29.axb5 axb5
30.Be2 Bh4 31.Qf1 Qe6 32.Bd2 Bd5 33.g3 Bf6 34.f5 gxf5 35.Bxh6
c4 36.bxc4 bxc4 37.Bf4 Qc6 38.dxc4 d3 39.cxd5 Bd4+ 40.Kg2 Qxc2
41.Kf3 dxe2 42.Qxe2 Qb3+ 43.Be3 Qxd5+ 44.Kf2 Bf6 45.Qf3 Qxf3+
1/2-1/2

[Event "Capablanca Memorial Premier II 34th"]
[Site "Havana CUB"]
[Date "1999.??.??"]
[EventDate "?"]
[Round "8"]
[Result "1-0"]
[White "Renier Vazquez Igarza"]
[Black "Leinier Dominguez Perez"]
[WhiteElo "2409"]
[BlackElo "2479"]
[PlyCount "57"]

1.e4 c5 2.Nf3 d6 3.c3 Nf6 4.h3 g6 5.Bd3 Bg7 6.Bc2 O-O 7.d4
Nbd7 8.O-O b6 9.Re1 Bb7 10.Nbd2 Qc7 11.e5 dxe5 12.dxe5 Nd5
13.e6 Ne5 14.Nxe5 Bxe5 15.Nf3 Bf4 16.Ng5 Bxg5 17.Bxg5 fxe6
18.Qg4 Nf4 19.g3 Nd5 20.Qxe6+ Kh8 21.Qe5+ Qxe5 22.Rxe5 Rad8
23.Rd1 Ba8 24.Bb3 c4 25.Bxc4 Nf6 26.Rde1 Nd5 27.Bf1 b5 28.Bxb5
Rb8 29.Bc4 1-0

[Event "CUB-ch"]
[Site "Santa Clara"]
[Date "2000.??.??"]
[EventDate "?"]
[Round "?"]
[Result "1/2-1/2"]
[White "Leinier Dominguez Perez"]
[Black "Walter Arencibia Rodriguez"]
[WhiteElo "2661"]
[BlackElo "2579"]
[PlyCount "87"]

1.e4 c5 2.Nf3 d6 3.d4 cxd4 4.Nxd4 Nf6 5.Nc3 a6 6.f4 e5 7.Nf3
Nbd7 8.a4 Be7 9.Bd3 O-O 10.O-O exf4 11.Kh1 Ne5 12.Bxf4 Bg4
13.Qd2 Rc8 14.Nd4 d5 15.exd5 Nxd3 16.d6 Bxd6 17.Qxd3 Bxf4
18.Rxf4 Bh5 19.Raf1 Bg6 20.Qf3 Qb6 21.b3 Rfd8 22.Nf5 Bxf5
23.Rxf5 Qc6 24.Qxc6 Rxc6 25.R5f3 Rdc8 26.Rd1 Kf8 27.Nd5 Nxd5
28.Rxd5 Rxc2 29.h3 R2c3 30.Rf4 R8c7 31.Rd8+ Ke7 32.Rg8 g6
33.Rb4 a5 34.Re4+ Kf6 35.b4 Kf5 36.Rge8 axb4 37.Rxb4 Rd3
38.Re2 h5 39.Rf2+ Kg5 40.h4+ Kh6 41.Rfb2 Rdd7 42.Kh2 Re7
43.Rb5 f6 44.Rb6 1/2-1/2

[Event "Guillermo Garcia Premier II"]
[Site "Santa Clara CUB"]
[Date "2000.??.??"]
[EventDate "?"]
[Round "6"]
[Result "1/2-1/2"]
[White "Irisberto Herrera"]
[Black "Leinier Dominguez Perez"]
[WhiteElo "2472"]
[BlackElo "2508"]
[PlyCount "72"]

1. e4 c5 2. Nf3 d6 3. d4 cxd4 4. Nxd4 Nf6 5. Nc3 a6 6. f4 e5
7. Nf3 Nbd7 8. a4 Be7 9. Bd3 O-O 10. O-O exf4 11. Bxf4 Qb6+
12. Kh1 Qxb2 13. Qe1 Qb6 14. Nd5 Nxd5 15. exd5 Qd8 16. c4 Nc5
17. Bc2 Bg4 18. Qg3 Bxf3 19. Rxf3 Bh4 20. Qh3 g6 21. Bh6 Bf6
22. Raf1 Bg7 23. g4 Qe7 24. Re3 Be5 25. Bxf8 Rxf8 26. Qh6 f6
27. Rh3 Qg7 28. Qxg7+ Kxg7 29. Kg2 Rc8 30. Rb1 Rc7 31. Re3 Nd7
32. Bd3 Kf8 33. Rh3 Nc5 34. Bc2 Kg7 35. Re3 Nd7 36. Bd3 Nc5
1/2-1/2

[Event "CUB-ch"]
[Site "Santa Clara"]
[Date "2000.??.??"]
[EventDate "?"]
[Round "?"]
[Result "1/2-1/2"]
[White "Leinier Dominguez Perez"]
[Black "Renier Vazquez Igarza"]
[WhiteElo "2508"]
[BlackElo "2429"]
[PlyCount "96"]

1.e4 c5 2.Nf3 e6 3.d4 cxd4 4.Nxd4 Qb6 5.Nb3 a6 6.c4 Qc7 7.Nc3
Nf6 8.Bd3 d6 9.O-O Nbd7 10.f4 Be7 11.Qe2 b6 12.Bd2 Bb7 13.Rae1
g6 14.Nd4 O-O 15.Nf3 Rfe8 16.Kh1 Bf8 17.e5 dxe5 18.fxe5 Ng4
19.Be4 Bg7 20.Bxb7 Qxb7 21.Ne4 Qc7 22.Nd6 Rf8 23.Bc3 Rad8
24.Rd1 h5 25.h3 Nh6 26.Ng5 Nc5 27.b4 Nb7 28.Nge4 Nf5 29.Nxf5
exf5 30.Nf6+ Bxf6 31.exf6 Nd6 32.Be5 Qc6 33.Qd2 Ne4 34.Qh6
Nxf6 35.Rxd8 Rxd8 36.Qg5 Rd6 37.Bxd6 Qxd6 38.c5 bxc5 39.bxc5
Qe5 40.c6 Ne4 41.Qd8+ Kg7 42.Qb6 Ng3+ 43.Kg1 Nxf1 44.Kxf1 Qf4+
45.Ke2 Qe4+ 46.Kd1 Qd3+ 47.Ke1 Qc3+ 48.Ke2 Qc2+ 1/2-1/2

[Event "Capablanca mem Elite 35th"]
[Site "Varadero"]
[Date "2000.05.07"]
[EventDate "?"]
[Round "9"]
[Result "1/2-1/2"]
[White "Walter Arencibia Rodriguez"]
[Black "Leinier Dominguez Perez"]
[WhiteElo "2579"]
[BlackElo "2661"]
[PlyCount "98"]

1.d4 Nf6 2.c4 g6 3.Nc3 Bg7 4.e4 d6 5.f4 O-O 6.Nf3 c5 7.dxc5
Qa5 8.Bd3 Qxc5 9.Qe2 Nc6 10.Be3 Qa5 11.O-O Bg4 12.Rac1 Nd7
13.Qf2 Nc5 14.Bb1 Bxf3 15.gxf3 a6 16.Rfd1 b5 17.cxb5 axb5
18.e5 Rac8 19.Nd5 Kh8 20.b4 Nxb4 21.Nxe7 Rce8 22.exd6 Nb7
23.f5 Qa3 24.Rc7 Nxd6 25.Rxd6 Na6 26.Rxa6 Qxa6 27.fxg6 Qf6
28.Nd5 Qd8 29.Be4 Re5 30.Rxf7 Rxf7 31.gxf7 Rxd5 32.Bxd5 Qxd5
33.Qd2 Qxf7 34.Qd8+ Bf8 35.Bd4+ Kg8 36.Qg5+ Qg6 37.Qxg6+ hxg6
38.Kg2 Kf7 39.Kh3 Bd6 40.Bg1 Kf6 41.Kg4 Be5 42.h3 Bc3 43.Bb6
Bb2 44.Bd8+ Ke6 45.Kg5 Kf7 46.Kf4 Ke6 47.Ke4 Bc3 48.Bb6 Bb2
49.Bd4 Ba3 1/2-1/2

[Event "34th Olympiad"]
[Site "Istanbul TUR"]
[Date "2000.10.29"]
[EventDate "2000.10.28"]
[Round "2"]
[Result "1-0"]
[White "Leinier Dominguez Perez"]
[Black "Mark Heidenfeld"]
[WhiteElo "2534"]
[BlackElo "2375"]
[PlyCount "29"]

1. e4 e6 2. d4 d5 3. Nc3 Nf6 4. Bg5 Be7 5. e5 Ne4 6. Bxe7 Nxc3
7. Qg4 Qxe7 8. Qxg7 Qb4 9. Qxh8+ Kd7 10. Nf3 Qxb2 11. Kd2 Nb1+
12. Rxb1 Qxb1 13. Qxh7 a5 14. Qxf7+ Kc6 15. Qf8 1-0

[Event "34th Olympiad"]
[Site "Istanbul TUR"]
[Date "2000.10.30"]
[EventDate "2000.10.28"]
[Round "3"]
[Result "1-0"]
[White "Leinier Dominguez Perez"]
[Black "Aleksei Holmsten"]
[WhiteElo "2534"]
[BlackElo "2383"]
[PlyCount "85"]

1. e4 c5 2. Nf3 Nc6 3. d4 cxd4 4. Nxd4 Nf6 5. Nc3 e5 6. Ndb5
d6 7. Bg5 a6 8. Na3 b5 9. Bxf6 gxf6 10. Nd5 Bg7 11. Bd3 Ne7
12. Nxe7 Qxe7 13. c3 f5 14. O-O O-O 15. Nc2 fxe4 16. Bxe4 Ra7
17. Nb4 Bd7 18. Qd3 f5 19. Qe3 Be8 20. Bc6 Qc7 21. Bxe8 Rxe8
22. a4 f4 23. Qf3 a5 24. Nd5 Qc4 25. b3 Qxb3 26. Rfb1 Qc4
27. Rxb5 Rb8 28. Qg4 Kh8 29. h3 Rf7 30. Rab1 e4 31. Qe6 Rf6
32. Qe7 Rg6 33. Nxf4 Rf6 34. g3 Rf7 35. Qe6 Qxc3 36. Rh5 Rxf4
37. gxf4 Qc2 38. Rf1 Qe2 39. Rf5 Rg8 40. Rg5 Qf3 41. Qg4 Qb3
42. f5 e3 43. f6 1-0

[Event "34th Olympiad"]
[Site "Istanbul TUR"]
[Date "2000.11.01"]
[EventDate "2000.10.28"]
[Round "5"]
[Result "1-0"]
[White "Murtas Muratovich Kazhgaleyev"]
[Black "Leinier Dominguez Perez"]
[WhiteElo "2526"]
[BlackElo "2534"]
[PlyCount "73"]

1. d4 d5 2. c4 c6 3. Nc3 Nf6 4. Nf3 e6 5. Bg5 dxc4 6. e4 b5
7. e5 h6 8. Bh4 g5 9. Nxg5 hxg5 10. Bxg5 Nbd7 11. exf6 Bb7
12. Be2 Qc7 13. h4 O-O-O 14. Rh3 c5 15. a4 cxd4 16. Nxb5 Qa5+
17. Bd2 Qb6 18. Bxc4 Kb8 19. Qe2 a6 20. Bf4+ e5 21. Bxe5+ Nxe5
22. Qxe5+ Ka8 23. Rb3 Qc6 24. Be2 Qxg2 25. Nc7+ Ka7 26. Nb5+
Ka8 27. f3 Rxh4 28. Nc7+ Ka7 29. O-O-O Rh1 30. Qa5 Rxd1+
31. Bxd1 Bh6+ 32. Kb1 Qg6+ 33. Bc2 Qxf6 34. Qc5+ Kb8 35. Be4
Qd6 36. Rxb7+ Kc8 37. Qc4 1-0

[Event "34th Olympiad"]
[Site "Istanbul TUR"]
[Date "2000.11.04"]
[EventDate "2000.10.28"]
[Round "7"]
[Result "1/2-1/2"]
[White "Drazen Sermek"]
[Black "Leinier Dominguez Perez"]
[WhiteElo "2514"]
[BlackElo "2534"]
[PlyCount "80"]

1. e4 c5 2. c3 Nf6 3. e5 Nd5 4. Nf3 Nc6 5. Bc4 Nb6 6. Bb3 d5
7. exd6 Qxd6 8. O-O Bf5 9. d4 e6 10. Na3 Qd7 11. Bf4 a6
12. Be3 cxd4 13. Nxd4 Nxd4 14. Bxd4 Bxa3 15. bxa3 Qc6 16. Qh5
Nd7 17. Rfe1 O-O 18. Qg5 Bg6 19. h4 Qb5 20. Qg3 Rfe8 21. Re3
Re7 22. Rae1 Rae8 23. f4 Qf5 24. R1e2 f6 25. Qf3 Bh5 26. Rxe6
Rxe6 27. Rxe6 Rxe6 28. Bxe6+ Qxe6 29. Qxh5 Nb8 30. Qd1 Qe4
31. Bf2 Qe7 32. Qd5+ Kh8 33. Kf1 Nc6 34. Bc5 Qe8 35. h5 h6
36. Kf2 Qc8 37. Kf3 Qe8 38. Kf2 Qc8 39. Kf3 Qe8 40. Kf2 Qc8
1/2-1/2

[Event "34th Olympiad"]
[Site "Istanbul TUR"]
[Date "2000.11.09"]
[EventDate "2000.10.28"]
[Round "12"]
[Result "1/2-1/2"]
[White "Darcy Gustavo Machado Vieira Lima"]
[Black "Leinier Dominguez Perez"]
[WhiteElo "2525"]
[BlackElo "2534"]
[PlyCount "102"]

1. e4 c5 2. Nf3 d6 3. d4 cxd4 4. Nxd4 Nf6 5. Nc3 a6 6. Be2 e5
7. Nb3 Be7 8. Be3 Be6 9. Nd5 Nbd7 10. Qd3 Bxd5 11. exd5 Nc5
12. Nxc5 dxc5 13. O-O-O Qd6 14. Bf3 O-O 15. g4 b5 16. g5 c4
17. Qf5 g6 18. Qh3 Nd7 19. Kb1 c3 20. Qg3 Nb6 21. Rd3 Na4
22. b3 Rfc8 23. Bc1 Bf8 24. Re1 Bg7 25. Be4 Rab8 26. Qh4 Nc5
27. Rxc3 Na4 28. Rxc8+ Rxc8 29. Qh3 Nc3+ 30. Ka1 Rc5 31. Ba3
Bf8 32. Qxc3 Rxc3 33. Bxd6 Bxd6 34. Bd3 a5 35. Kb2 b4 36. Re4
Kg7 37. h4 h6 38. Kc1 hxg5 39. hxg5 Kf8 40. Kd2 Kg7 41. Rg4
Be7 42. a3 Rc5 43. axb4 axb4 44. Be4 Rc8 45. Ke2 Rh8 46. Bg2
Rc8 47. Be4 Rh8 48. Kf1 Rc8 49. Rg1 Rh8 50. Ke2 Rh2 51. Rg4
Rh8 1/2-1/2

[Event "Anibal Open"]
[Site "Linares ESP"]
[Date "2001.??.??"]
[EventDate "?"]
[Round "10"]
[Result "1-0"]
[White "Leinier Dominguez Perez"]
[Black "Irisberto Herrera"]
[WhiteElo "2565"]
[BlackElo "2404"]
[PlyCount "55"]

1. e4 c5 2. Nf3 d6 3. d4 cxd4 4. Nxd4 Nf6 5. Nc3 a6 6. Be2 e5
7. Nb3 Be7 8. Be3 Be6 9. Nd5 Nbd7 10. Qd3 Bxd5 11. exd5 O-O
12. g4 Nb6 13. c4 Rc8 14. Nd2 Na4 15. h4 a5 16. g5 Nd7 17. b3
Nac5 18. Qf5 Ra8 19. h5 Qc8 20. Bg4 Qd8 21. Bd1 g6 22. Qh3
Bxg5 23. hxg6 h6 24. Bc2 fxg6 25. Ke2 Kg7 26. Rag1 Rh8
27. Bxg6 Qf6 28. Bf5 1-0

[Event "Anibal Open"]
[Site "Linares ESP"]
[Date "2001.01.16"]
[EventDate "?"]
[Round "9"]
[Result "0-1"]
[White "Valeriane Gaprindashvili"]
[Black "Leinier Dominguez Perez"]
[WhiteElo "2482"]
[BlackElo "2565"]
[PlyCount "108"]

1. d4 d5 2. c4 c6 3. Nf3 Nf6 4. e3 Bf5 5. Nc3 e6 6. Nh4 Bg4
7. Qb3 Qb6 8. h3 Bh5 9. g4 Bg6 10. Nxg6 hxg6 11. Bg2 Nbd7
12. Bd2 Bb4 13. O-O-O Bxc3 14. Bxc3 O-O 15. Kb1 Rfe8 16. f3
Qc7 17. f4 Nb6 18. Ba5 dxc4 19. Bxb6 axb6 20. Qxc4 b5 21. Qb3
Ra4 22. Rc1 Rea8 23. Qxb5 Rxa2 24. Qb3 Qa5 25. Rhd1 Nd5
26. Bxd5 exd5 27. Kc2 Ra4 28. Rd3 Rb4 29. Qa3 Rc4+ 30. Kd1 Qd8
31. Qb3 b5 32. Rdc3 Qh4 33. Qc2 Qxh3 34. Qe2 Re8 35. Kd2 Rxd4+
36. exd4 Rxe2+ 37. Kxe2 Qxg4+ 38. Rf3 Qg2+ 39. Rf2 Qe4+
40. Kd1 Qxd4+ 41. Rd2 Qg1+ 42. Kc2 Qg4 43. Kd3 Qf5+ 44. Ke3
Qe4+ 45. Kf2 Qxf4+ 46. Ke2 d4 47. Rcd1 c5 48. b4 Qe3+ 49. Kf1
cxb4 50. Rxd4 b3 51. R4d3 Qf4+ 52. Ke2 b2 53. Rd8+ Kh7
54. R8d3 Qc7 0-1

[Event "Anibal Open"]
[Site "Linares ESP"]
[Date "2001.01.18"]
[EventDate "?"]
[Round "11"]
[Result "1-0"]
[White "Leinier Dominguez Perez"]
[Black "Mikhail Kobalia"]
[WhiteElo "2565"]
[BlackElo "2581"]
[PlyCount "123"]

1. e4 c5 2. Nf3 e6 3. d4 cxd4 4. Nxd4 a6 5. Bd3 Nf6 6. O-O Qc7
7. Qe2 d6 8. c4 g6 9. Nc3 Bg7 10. Nf3 O-O 11. Rd1 Nc6 12. h3
Nd7 13. Be3 Nde5 14. Rac1 Qe7 15. Bb1 Rb8 16. b3 Re8 17. Na4
Nxf3+ 18. Qxf3 e5 19. Nc3 Nd4 20. Qg3 Qd8 21. Bxd4 exd4
22. Ne2 f5 23. Nxd4 fxe4 24. Ne2 Be5 25. Qe3 Qh4 26. Bxe4 Bf5
27. Bd5+ Kh8 28. Qd2 Re7 29. Nd4 Qf6 30. Nxf5 Qxf5 31. Re1
Rbe8 32. Rcd1 Kg7 33. Re4 Bf6 34. Rxe7+ Rxe7 35. Bf3 Be5
36. Re1 b6 37. Re4 h5 38. Qe3 b5 39. Qe2 bxc4 40. Qxc4 a5
41. h4 Re8 42. Qc7+ Kf8 43. Qc1 Rc8 44. Qh6+ Kf7 45. Re1 Bg7
46. Qe3 Be5 47. Be4 Qf4 48. Qa7+ Kf6 49. g3 Qd2 50. Re3 Rc3
51. Rxc3 Bxc3 52. Qa8 Kf7 53. Bd5+ Kg7 54. Qg8+ Kh6 55. Qf8+
Bg7 56. Qxd6 Qxa2 57. Bc4 Qa1+ 58. Kg2 Qf6 59. Qd2+ g5
60. hxg5+ Qxg5 61. f4 Qe7 62. Qd5 1-0

[Event "ch-CUB"]
[Site "Las Tunas CUB"]
[Date "2001.04.01"]
[EventDate "2001.04.01"]
[Round "1"]
[Result "1/2-1/2"]
[White "Leinier Dominguez Perez"]
[Black "Jesus Nogueiras"]
[WhiteElo "2556"]
[BlackElo "2557"]
[PlyCount "27"]

1. e4 e6 2. d4 d5 3. Nc3 Bb4 4. e5 Ne7 5. a3 Bxc3+ 6. bxc3 c5
7. Qg4 Kf8 8. Nf3 Qa5 9. Bd2 Qa4 10. Be2 b6 11. Ng5 h6 12. Qh5
g6 13. Qh3 Ba6 14. Qh4 1/2-1/2

[Event "ch-CUB Withdrawal"]
[Site "Las Tunas CUB"]
[Date "2001.04.02"]
[EventDate "2001.04.03"]
[Round "2"]
[Result "1-0"]
[White "Leinier Dominguez Perez"]
[Black "Osmel Garcia"]
[WhiteElo "2556"]
[BlackElo "2300"]
[PlyCount "75"]

1. e4 e6 2. d4 d5 3. Nc3 Bb4 4. e5 Ne7 5. a3 Bxc3+ 6. bxc3 c5
7. Qg4 Kf8 8. h4 Qa5 9. Bd2 Qa4 10. Rh3 Nbc6 11. h5 h6 12. Qf4
Ke8 13. dxc5 Qe4+ 14. Qxe4 dxe4 15. Bf4 Nd5 16. Bh2 e3 17. f4
Nxc3 18. Rxe3 Na4 19. Bb5 Nxc5 20. Rc3 Nd7 21. Rd1 Nb6
22. Bxc6+ bxc6 23. Rxc6 Bb7 24. Rc7 Bxg2 25. c4 Kf8 26. a4 a5
27. Rd6 Nxa4 28. Rdd7 Kg8 29. Rxf7 Rh7 30. f5 exf5 31. e6 Nb2
32. Ke2 Be4 33. Be5 Nd3 34. Nf3 Bxf3+ 35. Kxd3 Bxh5 36. Rxg7+
Rxg7 37. Rxg7+ Kf8 38. e7+ 1-0

[Event "ch-CUB"]
[Site "Las Tunas CUB"]
[Date "2001.04.03"]
[EventDate "2001.04.01"]
[Round "3"]
[Result "1/2-1/2"]
[White "Yuri Gonzalez Vidal"]
[Black "Leinier Dominguez Perez"]
[WhiteElo "2426"]
[BlackElo "2556"]
[PlyCount "46"]

1. e4 c5 2. Nf3 d6 3. d4 cxd4 4. Nxd4 Nf6 5. Nc3 a6 6. Be3 e6
7. f3 b5 8. g4 b4 9. Nce2 h6 10. Ng3 e5 11. Nb3 Be6 12. Qd2
Nc6 13. O-O-O d5 14. exd5 Bxd5 15. Bg2 Qc7 16. Nh5 Be6
17. Nxf6+ gxf6 18. Kb1 Na5 19. Qf2 Nc4 20. Bc5 Rc8 21. Bxf8
Kxf8 22. Nc1 a5 23. Nd3 Qb6 1/2-1/2

[Event "ch-CUB"]
[Site "Las Tunas CUB"]
[Date "2001.04.05"]
[EventDate "2001.04.01"]
[Round "5"]
[Result "1/2-1/2"]
[White "Aryam Abreu Delgado"]
[Black "Leinier Dominguez Perez"]
[WhiteElo "2480"]
[BlackElo "2556"]
[PlyCount "45"]

1. e4 c5 2. Nf3 d6 3. d4 cxd4 4. Nxd4 Nf6 5. Nc3 a6 6. f4 e5
7. Nf3 Nbd7 8. a4 Be7 9. Bd3 O-O 10. O-O exf4 11. Bxf4 Qb6+
12. Kh1 Qxb2 13. Nd5 Nxd5 14. exd5 Qb4 15. c4 Nc5 16. Qe2 Nxd3
17. Qxd3 h6 18. Rae1 Bd8 19. Nd2 Qxa4 20. Qg3 Qd7 21. Bxh6 Qg4
22. Bf4 Qxg3 23. hxg3 1/2-1/2

[Event "ch-CUB"]
[Site "Las Tunas CUB"]
[Date "2001.04.06"]
[EventDate "2001.04.01"]
[Round "6"]
[Result "1-0"]
[White "Leinier Dominguez Perez"]
[Black "Omar Almeida Quintana"]
[WhiteElo "2556"]
[BlackElo "2426"]
[PlyCount "93"]

1. Nf3 f5 2. c4 Nf6 3. g3 e6 4. Bg2 d5 5. O-O Bd6 6. b3 O-O
7. Ba3 c6 8. Bxd6 Qxd6 9. d4 b6 10. Qc1 Ba6 11. Rd1 Nbd7
12. Qa3 Qxa3 13. Nxa3 Rac8 14. e3 Ne4 15. Rac1 Rfd8 16. Bf1
Bb7 17. Rc2 c5 18. Rdc1 Kf7 19. dxc5 bxc5 20. cxd5 exd5
21. Ne1 a6 22. Nd3 Re8 23. Bg2 c4 24. bxc4 dxc4 25. Nxc4 Ke7
26. Kf1 Bd5 27. Ke1 Rb8 28. Nd2 Nef6 29. Bxd5 Nxd5 30. Nb3 Rb6
31. Rc8 Rxc8 32. Rxc8 Rb8 33. Rc4 g6 34. Kd2 Kd6 35. Ra4 Rb6
36. Na5 Ke6 37. Nb3 Kd6 38. Nb2 Kc7 39. Nc4 Rb4 40. Rxb4 Nxb4
41. a3 Nd5 42. Kd3 N5f6 43. f3 g5 44. Kd4 g4 45. f4 Kc6 46. a4
Ne4 47. Ne5+ 1-0

[Event "ch-CUB"]
[Site "Las Tunas CUB"]
[Date "2001.04.08"]
[EventDate "2001.04.01"]
[Round "8"]
[Result "1/2-1/2"]
[White "Leinier Dominguez Perez"]
[Black "Reynaldo Vera"]
[WhiteElo "2556"]
[BlackElo "2534"]
[PlyCount "43"]

1. e4 c5 2. Nf3 d6 3. d4 cxd4 4. Nxd4 Nf6 5. Nc3 Nc6 6. Bg5 e6
7. Qd2 a6 8. O-O-O Nxd4 9. Qxd4 Be7 10. f4 b5 11. Bxf6 gxf6
12. Be2 Qc7 13. f5 Qc5 14. Qxc5 dxc5 15. fxe6 fxe6 16. Bh5+
Kf8 17. e5 f5 18. g4 Ra7 19. gxf5 exf5 20. Rhf1 Kg7 21. Rg1+
Kh6 22. Be2 1/2-1/2

[Event "ch-CUB"]
[Site "Las Tunas CUB"]
[Date "2001.04.09"]
[EventDate "2001.04.01"]
[Round "9"]
[Result "0-1"]
[White "R Quesada"]
[Black "Leinier Dominguez Perez"]
[WhiteElo "2244"]
[BlackElo "2556"]
[PlyCount "54"]

1. Nf3 c5 2. g3 Nc6 3. Bg2 g6 4. O-O Bg7 5. d3 e5 6. c4 Nge7
7. Nc3 O-O 8. Rb1 d6 9. a3 a5 10. Ne1 Be6 11. Nc2 d5 12. cxd5
Nxd5 13. Ne3 Nde7 14. Nc4 Rb8 15. a4 f5 16. Nb5 Nd5 17. Bd2 b6
18. b3 Qd7 19. Re1 Nd4 20. Nbd6 h6 21. e3 Nc6 22. e4 Ndb4
23. exf5 gxf5 24. Qh5 Nxd3 25. Bxh6 e4 26. Rbd1 Nxe1 27. Rxe1
Nd4 0-1

[Event "ch-CUB"]
[Site "Las Tunas CUB"]
[Date "2001.04.13"]
[EventDate "2001.04.01"]
[Round "11"]
[Result "0-1"]
[White "Irisberto Herrera"]
[Black "Leinier Dominguez Perez"]
[WhiteElo "2432"]
[BlackElo "2556"]
[PlyCount "114"]

1. e4 c5 2. Nf3 d6 3. d4 cxd4 4. Nxd4 Nf6 5. Nc3 a6 6. Be2 e5
7. Nb3 Be7 8. O-O O-O 9. Kh1 b6 10. f3 Bb7 11. a4 Nc6 12. Bg5
Nb4 13. Nb1 Nh5 14. Bxe7 Qxe7 15. c3 Nc6 16. N1d2 Rad8 17. Nc4
Qc7 18. Ne3 Nf4 19. c4 Ne7 20. Rc1 f5 21. Nd5 Nexd5 22. exd5
a5 23. g3 Nxe2 24. Qxe2 Rde8 25. Nd2 Bc8 26. b3 Bd7 27. Qd3
Qc5 28. Rce1 Re7 29. Nb1 Be8 30. Nc3 Bg6 31. Qe3 f4 32. Qxc5
bxc5 33. Nb5 Rd7 34. Rf2 Rf6 35. g4 h6 36. Kg2 Bh7 37. Rb2 g5
38. Kf2 h5 39. Rg1 hxg4 40. Rxg4 Rg7 41. h4 gxh4 42. Rxh4 Rg3
43. Nc3 Bd3 44. Rd2 Bf5 45. Rh2 Rfg6 46. Rd1 Rxf3+ 47. Kxf3
Rg3+ 48. Kf2 Rxc3 49. Rh6 Kf7 50. Rxd6 e4 51. Re1 Rh3 52. Rf1
e3+ 53. Kg2 Rg3+ 54. Kh2 Rg4 55. Re1 Rh4+ 56. Kg1 Be4 57. Kf1
Bf3 0-1

[Event "ch-CUB"]
[Site "Las Tunas CUB"]
[Date "2001.04.14"]
[EventDate "2001.04.01"]
[Round "12"]
[Result "1/2-1/2"]
[White "Leinier Dominguez Perez"]
[Black "Francisco De la Paz Perdomo"]
[WhiteElo "2556"]
[BlackElo "2437"]
[PlyCount "45"]

1. e4 e5 2. Nf3 Nc6 3. Bb5 Bc5 4. O-O Nf6 5. Nxe5 Nxe4 6. Qe2
Nxe5 7. Qxe4 Qe7 8. Nc3 Ng6 9. Qxe7+ Nxe7 10. Re1 O-O 11. Ne4
Bb6 12. Nf6+ gxf6 13. Rxe7 d5 14. b3 Bf5 15. c3 c6 16. Bf1 Bc5
17. Re1 Rfe8 18. Bb2 Re6 19. c4 d4 20. a3 a5 21. d3 Rd8
22. Red1 b5 23. Rac1 1/2-1/2

[Event "ch-CUB"]
[Site "Las Tunas CUB"]
[Date "2001.04.15"]
[EventDate "2001.04.01"]
[Round "13"]
[Result "0-1"]
[White "Felix Manuel Gomez Fontal"]
[Black "Leinier Dominguez Perez"]
[WhiteElo "2462"]
[BlackElo "2556"]
[PlyCount "78"]

1. d4 d5 2. Nf3 Nf6 3. c4 c6 4. e3 Bf5 5. cxd5 cxd5 6. Qb3 Qc7
7. Bd2 Nc6 8. Bb5 e6 9. O-O Bd6 10. Bb4 O-O 11. Bxc6 bxc6
12. Bxd6 Qxd6 13. Nbd2 Nd7 14. Rfc1 Rfc8 15. Rc3 Rcb8 16. Qa4
Rxb2 17. Qxc6 Qxc6 18. Rxc6 Nb6 19. Rc7 a5 20. a3 Rc8
21. Rxc8+ Nxc8 22. Rc1 Nb6 23. h3 h6 24. g4 Bc2 25. Ne5 f6
26. Nef3 Ra2 27. Ne1 Bg6 28. Nef3 Bc2 29. Ne1 Bg6 30. Nef3
Rxa3 31. Rc6 Nc4 32. Nxc4 dxc4 33. Rxc4 a4 34. Rc8+ Kh7 35. d5
Ra1+ 36. Kh2 exd5 37. Nd4 a3 38. Ra8 a2 39. Nf5 d4 0-1

[Event "ch-CUB"]
[Site "Las Tunas CUB"]
[Date "2001.04.16"]
[EventDate "2001.04.01"]
[Round "15"]
[Result "0-1"]
[White "Maikel Gongora Reyes"]
[Black "Leinier Dominguez Perez"]
[WhiteElo "2417"]
[BlackElo "2556"]
[PlyCount "68"]

1. e4 c5 2. Nc3 d6 3. f4 g6 4. Nf3 Bg7 5. Bc4 e6 6. O-O Ne7
7. Qe1 O-O 8. d3 Nbc6 9. f5 d5 10. Bb3 dxe4 11. dxe4 exf5
12. Qh4 Nd4 13. Bg5 Nxf3+ 14. Rxf3 Qd4+ 15. Kh1 fxe4 16. Rd1
exf3 17. Rxd4 fxg2+ 18. Kxg2 Nf5 19. Qe4 cxd4 20. Nd5 Bd7
21. Nb4 Be6 22. Bxe6 fxe6 23. Nd3 Rae8 24. Qxb7 e5 25. Nc5 h6
26. Bd2 Kh7 27. b4 e4 28. Nxe4 Ne3+ 29. Kh3 Re5 30. Ng3 Rf2
31. Be1 Rf4 32. b5 g5 33. Nh5 g4+ 34. Kg3 Rf3+ 0-1

[Event "ch-CUB"]
[Site "Las Tunas CUB"]
[Date "2001.04.17"]
[EventDate "2001.04.01"]
[Round "16"]
[Result "1-0"]
[White "Leinier Dominguez Perez"]
[Black "Renier Vazquez Igarza"]
[WhiteElo "2556"]
[BlackElo "2393"]
[PlyCount "89"]

1. e4 c5 2. Nf3 e6 3. d4 cxd4 4. Nxd4 a6 5. Bd3 Qc7 6. O-O Nf6
7. Qe2 d6 8. c4 Nbd7 9. f4 Be7 10. Nc3 g6 11. Bd2 b6 12. Kh1
Bb7 13. Rac1 O-O 14. b4 Rfe8 15. Nf3 Bf8 16. a3 Bg7 17. Ng5
Re7 18. Rce1 Rd8 19. Qf2 Nf8 20. Rc1 h6 21. Nf3 Rde8 22. Qg1
N8d7 23. Be3 Ng4 24. Bd4 e5 25. fxe5 Ngxe5 26. Nxe5 Nxe5
27. Bxb6 Qd7 28. Be2 Ng4 29. Bd4 Bxe4 30. Bxg7 Kxg7 31. Qd4+
Kg8 32. Bxg4 Qxg4 33. Nxe4 Rxe4 34. Qxd6 Rxc4 35. Qxa6 Rxc1
36. Rxc1 Re2 37. Qc8+ Qxc8 38. Rxc8+ Kg7 39. h3 Rb2 40. Rc5
Ra2 41. Ra5 Kf6 42. b5 Rb2 43. a4 Ke5 44. b6+ Kd6 45. Rb5 1-0

[Event "ch-CUB"]
[Site "Las Tunas CUB"]
[Date "2001.04.20"]
[EventDate "2001.04.01"]
[Round "17"]
[Result "1/2-1/2"]
[White "Silvino Garcia Martinez"]
[Black "Leinier Dominguez Perez"]
[WhiteElo "2378"]
[BlackElo "2556"]
[PlyCount "106"]

1. d4 d5 2. c4 c6 3. Nc3 Nf6 4. cxd5 cxd5 5. Bf4 Nc6 6. e3 Bf5
7. Qb3 Na5 8. Bb5+ Bd7 9. Qa4 e6 10. Bxd7+ Nxd7 11. Nf3 a6
12. O-O Be7 13. Rac1 b5 14. Qd1 Rc8 15. Qe2 O-O 16. Rc2 Nc6
17. h3 Nb6 18. b3 Qd7 19. Rd1 Qb7 20. Ne1 Nd7 21. Nd3 Nb4
22. Rcc1 Nxd3 23. Qxd3 Ba3 24. Rb1 Qc6 25. Ne2 a5 26. f3 Nb8
27. e4 Na6 28. exd5 exd5 29. b4 axb4 30. Bc1 Bxc1 31. Rdxc1
Qd7 32. Rxc8 Rxc8 33. Nf4 Rc4 34. Re1 Nc7 35. Re5 g6 36. Qe3
Qd6 37. h4 Rc2 38. h5 Rxa2 39. h6 Ra1+ 40. Kf2 Ra2+ 41. Kg1
Ra1+ 42. Kf2 Ra8 43. g4 Kf8 44. g5 Re8 45. Nd3 b3 46. Rxe8+
Nxe8 47. Ne5 b2 48. Qb3 Nc7 49. Qxb2 Ne6 50. Qa1 Nxg5 51. Qa8+
Ke7 52. Qb7+ Kf6 53. Qxb5 Ne6 1/2-1/2